000 00494nam a2200181 a 4500
001 2983
003 CDMR
005 20140223010601.0
008 130130s2004||||||||||||||||||||||||||||d
020 _a8466405054
040 _aCDMR
_bcat
_cCDMR
100 1 _92195
_aPons, Agustí
245 1 0 _aNèstor Luján
_b: el periodisme liberal
_cAgustí Pons
260 _aBarcelona
_c2004
_bColumna
490 0 _aBiografies (Columna)
_v4
650 0 4 _93139
_aPeriodistes catalans
_vBiografia
942 _cMON
_2udc
999 _c2983
_d2983